| 000 | 00597cam a2200145 4500500 | ||
|---|---|---|---|
| 005 | 20260208002407.0 | ||
| 041 | _afre | ||
| 042 | _adc | ||
| 100 | 1 | 0 |
_aGiafferi-Dombre, Natacha _eauthor |
| 245 | 0 | 0 | _aRaquel Romberg, Witchcraft and Welfare Spiritual Capital and the Business of Magic in Modern Puerto Rico, Austin, University of Texas Press, 2003, xviii + 315 p., bibl., index, ill. |
| 260 | _c2007. | ||
| 500 | _a19 | ||
| 786 | 0 | _nL'Homme | 181 | 1 | 2007-01-01 | p. 213n-274n | 0439-4216 | |
| 856 | 4 | 1 | _uhttps://shs.cairn.info/revue-l-homme-2007-1-page-213n?lang=fr&redirect-ssocas=7080 |
| 999 |
_c1646100 _d1646100 |
||